Statistiques concernant Culture Générale - Série 1306

Cliquez ici pour prendre le quiz!

Statistiques générales

  • Ce quiz a été pris 70 fois
  • Le résultat moyen est 4 sur 10

Statistiques - réponses

QuestionRéponse% Correct
Dans quel pays d'Europe se trouvait le volcan dont l'éruption a complètement bouleversé le trafic aérien en 2010 ?Islande
91%
Sur le plateau d'un film, comment appelle-t-on la longue tige au bout de laquelle est accroché un micro ?perche
70%
Comment s'appellent les structures que bâtissaient les Romains pour acheminer l'eau jusque dans les villes ?aqueducs
64%
Comment se prénomme le premier enfant du prince William et de Kate Middleton ?George
64%
Sur quel canal Amélie Poulain fait-elle des ricochets ?canal Saint-Martin
59%
Dans quel pays, souvent surnommé « capitale mondiale du chocolat », a été inventée la praline il y a plus de 100 ans ?Belgique
55%
À qui Calogero rend-il hommage avec sa chanson « Yalla » ?Sœur Emmanuelle
17%
Dans quel matériau la Dame de Brassempouy a-t-elle été sculptée ?ivoire de mammouth
14%
En Belgique, comment est surnommé le siège du gouvernement wallon ?L'Élysette
3%
Dans quelle autre grande entreprise de haute technologie se sont rencontrés les trois fondateurs de YouTube ?PayPal
0%

Distribution des résultats

Percentile par nombre de réponses

% des personnes avec chaque résultat

Votre développement - résultats

Vous n’avez pas pris ce quiz